01240cam a22002891 4500001001300000003000400013005001700017008004100034010001700075035002000092040004600112042001200158050002700170051002000197110004100217245005400258260004300312300002700355490005500382500005300437500006900490501017100559530006900730650003500799830006500834856005100899e 19000201 DLC20260227111210.0970425s1919 dcua f000 0 eng c ae 19000201  a(OCoLC)36804610 aLibrary, U.S. Bur. of EducationcOCUdDLC apremarc00aL111b.A6 1919, no. 10 aLC427b.A2 19191 aUnited States.bBureau of Education.10aEducational work of the churches in 1916-1918 ... aWashington,bGovt. Print. Off.,c1919. a53 p.btables.c23 cm.1 a[U.S.] Bureau of Education. Bulletin,v1919, no.10 aAt head of title: Department of the interior ... aAdvance sheets from the Biennial survey of education, 1916-1918. aL111.A6 with: Standardization of medical inspection facilities / J. H. Berkowitz. Washington : Govt. Print. Off., 1919. Bound together subsequent to publication.5DLC aAlso available in digital form on the Internet Archive Web site. 0aChurch schoolszUnited States. 0aBulletin (United States. Bureau of Education)v1919, no. 10.41uhttp://hdl.loc.gov/loc.gdc/scd0001.00207731626